| 000 | 00475nam a22001697a 4500 | ||
|---|---|---|---|
| 003 | NUST - PNEC | ||
| 005 | 20170116181012.0 | ||
| 008 | 150913b xxu||||| |||| 00| 0 eng d | ||
| 020 | _a0434923397 | ||
| 040 | _cLIBRARY | ||
| 082 | _a004.2560285416 | ||
| 100 |
_910260 _a Vears, R. E |
||
| 245 |
_aMicroprocessor based systems for the higher technician _c Vears, R. E |
||
| 260 | _cc.1988 | ||
| 650 |
_910258 _aManagement information system _xMIS |
||
| 942 |
_2ddc _cBK |
||
| 999 |
_c67141 _d67141 |
||